000 00309 a2200133 4500
000 nam a22 7a 4500
100 _aArathi, P M
110 _aArathi, P M
245 _aPublic health in India: Policy shifts and trends
250 _aLatest edition
260 _bSage
264 _bSage
942 _cBK
999 _c357261
_d357261